[Event "7th Iberoamerican-ch 2019"]
[Site "Linares"]
[Date "2019.08.14"]
[Round "5.6"]
[White "Moreno Ruiz, Javier"]
[Black "Vazquez Igarza, Renier"]
[Result "1/2-1/2"]
[WhiteElo "2473"]
[BlackElo "2570"]
[Annotator "ChessBase"]
[PlyCount "40"]
[EventDate "2019.08.10"]
[EventType "swiss"]
[EventCountry "ESP"]
[SourceTitle "playchess.com"]
[Source "ChessBase"]
[SourceQuality "1"]
[TimeControl "5400+30"]

1. c4 {[%emt 0:00:00]} e6 {[%emt 0:01:07]} 2. g3 {[%emt 0:00:25]} c5 {[%emt 0:02:25]} 3. Bg2 {[%emt 0:00:22]} Nc6 {[%emt 0:00:02]} 4. Nf3 {[%emt 0:00:47]} Nf6 {[%emt 0:02:01]} 5. O-O {[%emt 0:01:29]} d5 {[%emt 0:00:06]} 6. cxd5 {[%emt 0:02:12]} exd5 {[%emt 0:00:08]} 7. d4 {[%emt 0:00:23]} Be7 {[%emt 0:00:07]} 8. Nc3 {[%emt 0:01:59]} O-O {[%emt 0:00:12]} 9. Bg5 {[%emt 0:00:45]} cxd4 {[%emt 0:00:40]} 10. Nxd4 {[%emt 0:00:06]} h6 {[%emt 0:00:07]} 11. Be3 {[%emt 0:00:49]} Re8 {[%emt 0:00:14]} 12. Rc1 {[%emt 0:00:46]} Bf8 {[%emt 0:01:52]} 13. Na4 {[%emt 0:02:13]} Bd7 {[%emt 0:00:10]} 14. Nxc6 {[%emt 0:02:17]} Bxc6 {[%emt 0:00:30]} 15. Nc5 {[%emt 0:01:58]} Ne4 {[%emt 0:00:29]} 16. Nxe4 {[%emt 0:02:19]} dxe4 {[%emt 0:00:14]} 17. Qxd8 {[%emt 0:00:35]} Raxd8 {[%emt 0:00:44]} 18. Rfd1 {[%emt 0:00:49]} a6 {[%emt 0:04:24]} 19. Bb6 {[%emt 0:02:15]} Rd5 {[%emt 0:08:21]} 20. Rxd5 {[%emt 0:03:14]} Bxd5 {[%emt 0:00:08]} 1/2-1/2

[Event "7th Iberoamerican-ch 2019"]
[Site "Linares"]
[Date "2019.08.14"]
[Round "5.7"]
[White "Albornoz Cabrera, Carlos Daniel"]
[Black "Fluvia Poyatos, Jordi"]
[Result "1-0"]
[WhiteElo "2566"]
[BlackElo "2455"]
[Annotator "ChessBase"]
[PlyCount "75"]
[EventDate "2019.08.10"]
[EventType "swiss"]
[EventCountry "ESP"]
[SourceTitle "playchess.com"]
[Source "ChessBase"]
[SourceQuality "1"]
[TimeControl "5400+30"]

1. e4 {[%emt 0:00:00]} c6 {[%emt 0:00:02]} 2. d4 {[%emt 0:00:00]} d5 {[%emt 0:00:06]} 3. e5 {[%emt 0:00:00]} c5 {[%emt 0:00:28]} 4. dxc5 {[%emt 0:00:00]} e6 {[%emt 0:00:19]} 5. a3 {[%emt 0:00:20]} Bxc5 {[%emt 0:00:44]} 6. b4 {[%emt 0:00:16]} Bb6 {[%emt 0:00:23]} 7. Qg4 {[%emt 0:00:36]} Ne7 {[%emt 0:07:46]} 8. Qxg7 {[%emt 0:00:17]} Rg8 {[%emt 0:00:39]} 9. Qxh7 {[%emt 0:00:24]} Nbc6 {[%emt 0:06:19]} 10. Nf3 {[%emt 0:04:35]} Qc7 {[%emt 0:01:30]} 11. Bb2 {[%emt 0:03:53]} Bd7 {[%emt 0:01:18]} 12. c4 {[%emt 0:09:26]} dxc4 {[%emt 0:09:27]} 13. Nbd2 {[%emt 0:00:52]} c3 {[%emt 0:09:18]} 14. Bxc3 {[%emt 0:00:06]} O-O-O {[%emt 0:01:51]} 15. Qc2 {[%emt 0:09:41]} Nf5 {[%emt 0:06:16]} 16. Nc4 {[%emt 0:02:06]} Kb8 {[%emt 0:10:51]} 17. O-O-O {[%emt 0:06:42]} Nce7 {[%emt 0:01:53]} 18. Rg1 {[%emt 0:08:34]} Nd5 {[%emt 0:03:38]} 19. Bb2 {[%emt 0:01:21]} Rc8 {[%emt 0:02:19]} 20. Kb1 {[%emt 0:04:13]} Bb5 {[%emt 0:11:56]} 21. Rc1 {[%emt 0:00:37]} Qe7 {[%emt 0:07:25]} 22. Qd2 {[%emt 0:04:12]} Rgd8 {[%emt 0:02:46]} 23. Nxb6 {[%emt 0:02:50]} Nxb6 {[%emt 0:02:34]} 24. Rxc8+ {[%emt 0:00:22]} Nxc8 {[%emt 0:00:10]} 25. Qc2 {[%emt 0:04:13]} Bxf1 {[%emt 0:01:45]} 26. Rxf1 {[%emt 0:00:05]} Nb6 {[%emt 0:00:17]} 27. Rc1 {[%emt 0:01:38]} Nd5 {[%emt 0:01:32]} 28. g3 {[%emt 0:02:16]} Qd7 {[%emt 0:00:47]} 29. Ng5 {[%emt 0:01:00]} Nb6 {[%emt 0:02:15]} 30. Ne4 {[%emt 0:01:45]} Rc8 {[%emt 0:01:20]} 31. Nc5 {[%emt 0:00:40]} Qd5 {[%emt 0:00:33]} 32. a4 {[%emt 0:03:50]} Rc6 {[%emt 0:04:53]} 33. a5 {[%emt 0:01:07]} Nd4 {[%emt 0:01:58]} 34. Qd3 {[%emt 0:00:37]} Nf3 {[%emt 0:00:17]} 35. axb6 {[%emt 0:02:29]} Rxc5 {[%emt 0:00:25]} 36. Qxd5 {[%emt 0:00:25]} Rxd5 {[%emt 0:00:22]} 37. Rc8+ {[%emt 0:01:16]} Kxc8 {[%emt 0:00:12]} 38. bxa7 {[%emt 0:00:04]} 1-0

[Event "7th Iberoamerican-ch 2019"]
[Site "Linares"]
[Date "2019.08.14"]
[Round "5.8"]
[White "Cruz, Cristhian"]
[Black "Plazuelo Pascual, Juan"]
[Result "1/2-1/2"]
[WhiteElo "2559"]
[BlackElo "2411"]
[Annotator "ChessBase"]
[PlyCount "70"]
[EventDate "2019.08.10"]
[EventType "swiss"]
[EventCountry "ESP"]
[SourceTitle "playchess.com"]
[Source "ChessBase"]
[SourceQuality "1"]
[TimeControl "5400+30"]

1. d4 {[%emt 0:01:04]} e6 {[%emt 0:00:00]} 2. c4 {[%emt 0:00:25]} b6 {[%emt 0:00:00]} 3. Nc3 {[%emt 0:01:35]} Bb7 {[%emt 0:00:11]} 4. a3 {[%emt 0:00:05]} Nf6 {[%emt 0:01:34]} 5. Nf3 {[%emt 0:00:16]} d5 {[%emt 0:00:46]} 6. Qc2 {[%emt 0:00:22]} Be7 {[%emt 0:03:16]} 7. cxd5 {[%emt 0:00:59]} exd5 {[%emt 0:02:06]} 8. g3 {[%emt 0:02:57]} O-O {[%emt 0:02:27]} 9. Bg2 {[%emt 0:00:04]} Nbd7 {[%emt 0:02:02]} 10. Bf4 {[%emt 0:01:30]} c6 {[%emt 0:10:33]} 11. O-O {[%emt 0:00:56]} Re8 {[%emt 0:03:20]} 12. Rad1 {[%emt 0:04:32]} Bf8 {[%emt 0:09:55]} 13. Rfe1 {[%emt 0:03:24]} h6 {[%emt 0:04:13]} 14. Ne5 {[%emt 0:30:56]} Nxe5 {[%emt 0:02:06]} 15. dxe5 {[%emt 0:09:20]} Nh5 {[%emt 0:01:16]} 16. b4 {[%emt 0:00:12]} Rc8 {[%emt 0:08:09]} 17. Qb3 {[%emt 0:02:51]} a6 {[%emt 0:06:40]} 18. Na4 {[%emt 0:17:24]} Nxf4 {[%emt 0:01:37]} 19. gxf4 {[%emt 0:00:02]} b5 {[%emt 0:02:47]} 20. Nb2 {[%emt 0:00:16]} a5 {[%emt 0:02:42]} 21. Nd3 {[%emt 0:00:52]} Ra8 {[%emt 0:00:35]} 22. e4 {[%emt 0:04:40]} axb4 {[%emt 0:05:04]} 23. axb4 {[%emt 0:00:13]} Ra4 {[%emt 0:00:10]} 24. f5 {[%emt 0:03:58]} Qa8 {[%emt 0:00:58]} 25. exd5 {[%emt 0:02:00]} cxd5 {[%emt 0:00:27]} 26. e6 {[%emt 0:06:15]} fxe6 {[%emt 0:06:07]} 27. fxe6 {[%emt 0:00:04]} Qd8 {[%emt 0:00:04]} 28. Kh1 {[%emt 0:03:33]} Qh4 {[%emt 0:07:57]} 29. e7 {[%emt 0:01:05]} Rxe7 {[%emt 0:02:06]} 30. Bxd5+ {[%emt 0:00:05]} Kh7 {[%emt 0:01:22]} 31. Bxb7 {[%emt 0:00:33]} Rxb7 {[%emt 0:00:04]} 32. Ne5 {[%emt 0:00:17]} Qf6 {[%emt 0:01:07]} 33. Qd3+ {[%emt 0:00:43]} g6 {[%emt 0:00:07]} 34. Rg1 {[%emt 0:02:07]} Rg7 {[%emt 0:02:05]} 35. Nd7 {[%emt 0:01:08]} Qc6+ 1/2-1/2

[Event "7th Iberoamerican-ch 2019"]
[Site "Linares"]
[Date "2019.08.14"]
[Round "5.9"]
[White "Escobar Forero, Alder"]
[Black "Fier, Alexandr"]
[Result "1-0"]
[WhiteElo "2477"]
[BlackElo "2558"]
[Annotator "ChessBase"]
[PlyCount "81"]
[EventDate "2019.08.10"]
[EventType "swiss"]
[EventCountry "ESP"]
[SourceTitle "playchess.com"]
[Source "ChessBase"]
[SourceQuality "1"]
[TimeControl "5400+30"]

1. e4 {[%emt 0:00:00]} c5 {[%emt 0:00:00]} 2. Nf3 {[%emt 0:00:00]} e6 {[%emt 0:00:00]} 3. d4 {[%emt 0:01:05]} cxd4 {[%emt 0:00:00]} 4. Nxd4 {[%emt 0:00:07]} Nc6 {[%emt 0:00:00]} 5. Nc3 {[%emt 0:00:44]} Qc7 {[%emt 0:00:00]} 6. Be3 {[%emt 0:02:00]} a6 {[%emt 0:00:00]} 7. Be2 {[%emt 0:02:02]} Nf6 {[%emt 0:00:06]} 8. O-O {[%emt 0:00:13]} Be7 {[%emt 0:00:03]} 9. f4 {[%emt 0:14:28]} d6 {[%emt 0:00:12]} 10. Qe1 {[%emt 0:02:35]} O-O {[%emt 0:00:07]} 11. Qg3 {[%emt 0:00:49]} Nxd4 {[%emt 0:00:40]} 12. Bxd4 {[%emt 0:00:07]} b5 {[%emt 0:00:02]} 13. a3 {[%emt 0:00:50]} Bb7 {[%emt 0:00:04]} 14. Rad1 {[%emt 0:00:24]} Bc6 {[%emt 0:05:16]} 15. Bf3 {[%emt 0:09:59]} a5 {[%emt 0:07:13]} 16. b4 {[%emt 0:15:32]} axb4 {[%emt 0:01:31]} 17. axb4 {[%emt 0:00:05]} Ra3 {[%emt 0:03:11]} 18. Rd3 {[%emt 0:01:03]} Rfa8 {[%emt 0:00:07]} 19. e5 {[%emt 0:07:03]} Ne8 {[%emt 0:01:55]} 20. f5 {[%emt 0:09:26]} d5 {[%emt 0:14:53]} 21. fxe6 {[%emt 0:13:41]} fxe6 {[%emt 0:00:10]} 22. Bh5 {[%emt 0:02:12]} Bxb4 {[%emt 0:01:38]} 23. Bf7+ {[%emt 0:01:08]} Qxf7 {[%emt 0:02:04]} 24. Rxf7 {[%emt 0:00:06]} Kxf7 {[%emt 0:00:02]} 25. Rf3+ {[%emt 0:03:04]} Kg8 {[%emt 0:03:49]} 26. Qf4 {[%emt 0:00:08]} h6 {[%emt 0:00:28]} 27. Qf7+ {[%emt 0:00:05]} Kh8 {[%emt 0:00:07]} 28. Qxe6 {[%emt 0:00:13]} Ra1+ {[%emt 0:00:06]} 29. Kf2 {[%emt 0:00:29]} R1a6 {[%emt 0:00:04]} 30. Qf7 {[%emt 0:01:21]} Ra1 {[%emt 0:03:22]} 31. e6 {[%emt 0:05:24]} Rc1 {[%emt 0:00:31]} 32. Qg6 {[%emt 0:02:52]} Raa1 {[%emt 0:00:04]} 33. Rf7 {[%emt 0:02:33]} Rf1+ {[%emt 0:00:06]} 34. Kg3 {[%emt 0:01:56]} Bd6+ {[%emt 0:00:04]} 35. Kh3 {[%emt 0:00:24]} Bf8 {[%emt 0:00:04]} 36. Qxh6+ {[%emt 0:02:54]} Kg8 {[%emt 0:00:04]} 37. Qg6 {[%emt 0:00:09]} Rae1 {[%emt 0:00:18]} 38. Ne2 {[%emt 0:00:22]} b4 {[%emt 0:01:08]} 39. Ng3 {[%emt 0:00:19]} Rxe6 {[%emt 0:01:10]} 40. Rxf8+ {[%emt 0:00:16]} Kxf8 {[%emt 0:00:03]} 41. Qxe6 {[%emt 0:00:07]} 1-0

[Event "7th Iberoamerican-ch 2019"]
[Site "Linares"]
[Date "2019.08.14"]
[Round "5.10"]
[White "Krysa, Leandro"]
[Black "Ladron De Guevara Pinto, Paolo"]
[Result "1/2-1/2"]
[WhiteElo "2516"]
[BlackElo "2431"]
[Annotator "TA"]
[PlyCount "191"]
[EventDate "2019.08.10"]
[EventType "swiss"]
[EventCountry "ESP"]
[SourceTitle "playchess.com"]
[Source "ChessBase"]
[SourceQuality "1"]

{[%evp 12,191,25,10,13,0,11,0,10,0,23,10,33,0,38,29,29,33,45,25,26,27,84,82,74,52,54,61,67,45,45,40,41,29,106,97,145,145,162,152,140,70,73,62,56,60,185,187,200,171,190,189,174,182,165,65,81,58,40,18,20,29,23,8,10,8,8,8,8,8,8,8,8,8,8,8,8,8,8,8,12,0,8,8,8,8,8,8,8,8,8,8,8,0,8,8,8,8,8,0,8,8,8,8,12,12,12,0,0,0,12,12,12,12,12,0,12,12,12,0,0,0,0,0,0,0,12,12,12,12,12,0,12,12,12,12,12,12,12,8,12,8,8,8,8,8,8,8,8,8,153,153,154,154,154,154,154,154,154,154,154,154,195,8,8,8,8,8,8,8,8,8,8,8,8,0,8,8,8,8,8,8]} 1. c4 e6 2. Nc3 d5 3. d4 Be7 4. Nf3 Nf6 5. Bg5 h6 6. Bxf6 Bxf6 7. Qb3 {[%cal Rc4d5]} c6 {D53: Queen's Gambit Declined: 4 Bg5 Be7: Early deviations} (7... dxc4 8. Qxc4 O-O 9. e3 b6 10. Be2 Bb7 11. O-O Nd7 12. Rfd1 a6 13. a4 Rc8 14. b4 c5 15. dxc5 bxc5 {1-0 (59) Bu,X (2730)-Cheparinov,I (2710) Riadh 2017}) 8. e4 O-O 9. e5 $146 ({Predecessor:} 9. O-O-O dxc4 10. Bxc4 b5 11. Be2 Qa5 12. e5 Be7 13. Kb1 Na6 14. Rc1 Bb7 15. Bd3 Rab8 16. Ka1 Rfd8 17. Rhd1 b4 {½-½ (17) Lerner,K (2555)-Geller,E (2500) Moscow 1987}) 9... Be7 10. Be2 b6 11. O-O a5 12. a3 Nd7 13. Rac1 Bb7 14. cxd5 exd5 15. Rfe1 Re8 16. Bd3 Rb8 (16... Nf8 $11) 17. Ne2 $16 {[%cal Bc3e2,Be2f4,Bf4h5,Bh5g3,Bg3f5][%mdl 32]} Nf8 18. Nf4 Bg5 19. Nxg5 hxg5 20. Nh5 c5 21. Bb5 Re6 22. Ng3 cxd4 (22... g6 $11 {remains equal.}) 23. Nf5 $1 Ng6 24. Qg3 (24. Nxd4 Rxe5 25. Rxe5 Nxe5 $11) 24... d3 25. Bxd3 d4 {and if ...Nf4 works, Black does fine.} 26. Bc4 (26. Rcd1 $16 Qc7 27. Nxd4 Rxe5 28. Bxg6 Rxe1+ 29. Rxe1 Qxg3 30. hxg3 (30. fxg3 fxg6 31. Re6 Rd8 $16) 30... fxg6 31. Re6) 26... Nf4 $1 $14 {Threatens to win with ...d3.} 27. Bxe6 fxe6 28. Nd6 Bxg2 (28... d3 $1 $14 29. Rcd1 (29. Nxb7 Rxb7 30. Rcd1 d2 $17) 29... Bxg2) 29. h4 $18 Bd5 30. hxg5 Qxg5 31. Qxg5 ({Weaker is} 31. Rc8+ Rxc8 32. Qxg5 Nh3+ 33. Kf1 Nxg5 $14) 31... Nh3+ 32. Kf1 Nxg5 33. f4 (33. Red1 $18) 33... Nf3 $1 $14 34. Red1 Rf8 35. Rc8 Rxc8 36. Nxc8 $11 {[%mdl 4096] Endgame KRN-KBN} Bb3 $1 {[%cal Rb3d1]} 37. Ra1 {Ke2 is the strong threat.} d3 {And now ...Nd4 would win.} 38. Kf2 (38. Nxb6 $2 Nd4 $19) 38... Nd4 $1 $132 {[%mdl 2048] Black puts up resistance} 39. Rh1 d2 40. Ke3 {[%mdl 64] Double Attack} d1=Q 41. Rxd1 Nf5+ 42. Kd2 {Black must now prevent Rc1.} Bxd1 43. Kxd1 {KN-KN} Ne3+ 44. Ke2 Nd5 45. Kf3 Kf7 46. a4 g6 47. Kg4 Ke8 48. Kg5 Kf7 49. Nd6+ Kg7 50. Nc4 Kh7 51. Nd2 Kg7 52. Nc4 Kh7 53. Kg4 Kg7 54. Kf3 Kf7 55. Kg3 Kg7 56. Kg4 Kf7 57. Kg5 Kg7 58. Nd6 Ne3 59. Ne8+ Kf7 60. Nd6+ Kg7 61. b3 Nd5 62. Nc4 Kh7 63. Nd6 Kg7 64. Kg4 Kf8 65. Kf3 Ke7 66. Ke4 Kd7 67. Nb5 Ke7 68. Kf3 Kf7 69. Kg4 Kg7 70. Nd4 Kf7 71. Nb5 Ne3+ 72. Kg5 Nd5 73. Nd4 Ke7 74. Ne2 Kf7 75. Kh6 Ne3 76. Nc3 Nf5+ 77. Kh7 Nd4 78. Nb5 Ne2 79. Nd6+ Ke7 80. Nc8+ Kd8 (80... Kd7 $11 {keeps the balance.} 81. Nxb6+ Kc6) 81. Nxb6 $16 Nxf4 {[#]} 82. Kh6 $1 Kc7 83. Nc4 Nd3 84. Kxg6 Kc6 85. Nxa5+ Kd5 86. Nc4 {aiming for Kf6.} Nc5 {[#]} 87. a5 $2 ({White must play} 87. Kf6 $1 $18 {Hoping for Nb6+.} Nxb3 88. Ne3+ Kc5 89. Kxe6 Nd4+ 90. Kd7) 87... Nxb3 $11 {The position is equal.} 88. Kf6 Nc5 89. Nb6+ Kc6 90. Ke7 Kb5 91. Kd6 Nb7+ 92. Kxe6 {Strongly threatening Nc4!} Nxa5 93. Na4 Nc4 94. Nc3+ Ka6 95. Kd5 Nxe5 $1 96. Kxe5 {Accuracy: White = 59%, Black = 66%.} 1/2-1/2

[Event "7th Iberoamerican-ch 2019"]
[Site "Linares"]
[Date "2019.08.14"]
[Round "5.11"]
[White "Vega Gutierrez, Sabrina"]
[Black "Cuenca Jimenez, Jose Fernando"]
[Result "0-1"]
[WhiteElo "2385"]
[BlackElo "2515"]
[Annotator "ChessBase"]
[PlyCount "54"]
[EventDate "2019.08.10"]
[EventType "swiss"]
[EventCountry "ESP"]
[SourceTitle "playchess.com"]
[Source "ChessBase"]
[SourceQuality "1"]
[TimeControl "5400+30"]

1. e4 {[%emt 0:00:00]} e5 {[%emt 0:00:00]} 2. Nf3 {[%emt 0:00:00]} Nc6 {[%emt 0:00:00]} 3. Bb5 {[%emt 0:00:02]} a6 {[%emt 0:00:25]} 4. Ba4 {[%emt 0:00:11]} Nf6 {[%emt 0:00:37]} 5. O-O {[%emt 0:00:15]} Nxe4 {[%emt 0:00:53]} 6. d4 {[%emt 0:02:03]} b5 {[%emt 0:00:20]} 7. Bb3 {[%emt 0:00:10]} d5 {[%emt 0:00:09]} 8. dxe5 {[%emt 0:00:14]} Be6 {[%emt 0:00:11]} 9. Be3 {[%emt 0:11:52]} Be7 {[%emt 0:01:39]} 10. c3 {[%emt 0:06:54]} O-O {[%emt 0:00:30]} 11. Nbd2 {[%emt 0:04:10]} Nxd2 {[%emt 0:00:13]} 12. Qxd2 {[%emt 0:01:39]} Na5 {[%emt 0:00:02]} 13. Nd4 {[%emt 0:20:30]} Nc4 {[%emt 0:00:46]} 14. Bxc4 {[%emt 0:06:10]} dxc4 {[%emt 0:00:04]} 15. f4 {[%emt 0:05:15]} Bd7 {[%emt 0:00:07]} 16. f5 {[%emt 0:01:35]} c5 {[%emt 0:01:03]} 17. f6 {[%emt 0:02:18]} cxd4 {[%emt 0:02:46]} 18. Qxd4 {[%emt 0:04:37]} Re8 {[%emt 0:09:31]} 19. Rad1 {[%emt 0:00:35]} gxf6 {[%emt 0:13:52]} 20. exf6 {[%emt 0:14:56]} Bf8 {[%emt 0:00:24]} 21. Qf4 {[%emt 0:00:09]} Qc8 {[%emt 0:33:09]} 22. Rd5 {[%emt 0:00:06]} Qc6 {[%emt 0:00:49]} 23. Rfd1 {[%emt 0:11:29]} Qe6 {[%emt 0:02:51]} 24. Qg3+ {[%emt 0:02:00]} Kh8 {[%emt 0:00:17]} 25. Bf2 {[%emt 0:01:49]} Bc6 {[%emt 0:02:48]} 26. Rg5 {[%emt 0:01:19]} Bh6 {[%emt 0:01:26]} 27. Rh5 {[%emt 0:02:37]} Qe2 {[%emt 0:02:41]} 0-1

[Event "7th Iberoamerican-ch 2019"]
[Site "Linares"]
[Date "2019.08.14"]
[Round "5.12"]
[White "Cori, Jorge"]
[Black "Domingo Nunez, Ruben"]
[Result "1-0"]
[WhiteElo "2686"]
[BlackElo "2345"]
[Annotator "TA"]
[PlyCount "57"]
[EventDate "2019.08.10"]
[EventType "swiss"]
[EventCountry "ESP"]
[SourceTitle "playchess.com"]
[Source "ChessBase"]
[SourceQuality "1"]

{[%evp 9,57,37,30,15,30,4,32,9,7,0,0,0,0,5,38,27,91,40,43,31,43,46,44,43,54,16,42,29,143,137,199,187,285,277,502,496,502,509,483,488,502,510,514,498,528,559,560,552,512,470]} 1. d4 Nf6 2. Nf3 b6 3. e3 Bb7 4. Bd3 g6 5. c4 (5. O-O Bg7 6. c4 O-O 7. Nc3 d6 8. e4 Nbd7 9. h3 e5 10. Be3 exd4 11. Bxd4 Re8 12. Re1 Nc5 13. Bc2 a5 14. Qd2 Nfxe4 15. Bxe4 Bxe4 16. Bxg7 Kxg7 17. Nxe4 Rxe4 18. Rxe4 Nxe4 {0-1 (51) Halkias,S (2585)-Bortnyk,O (2581) Tallinn 2016}) 5... Bg7 6. Nc3 {A47: 1 d4 Nf6 2 Nf3 b6: Torre, London and Colle Systems} d5 7. cxd5 Nxd5 8. O-O {White is slightly better.} O-O 9. Qe2 c5 10. Nxd5 Qxd5 11. e4 Qc6 $146 ({Predecessor:} 11... Qd6 12. dxc5 Qxc5 {½-½ (45) Golubenko,V (2273)-Schuurman,P (2324) Beijing 2008}) 12. Bg5 Qc7 (12... cxd4 $11 13. Bxe7 Rc8) 13. d5 ({Better is} 13. Rac1 $16) 13... e6 $14 14. Bc4 $36 {[%mdl 2048] White is more active.} b5 15. Bxb5 {Hoping for Rfd1.} exd5 16. exd5 Bxd5 17. Rac1 {next Rfd1 is good for White.} Nd7 18. b4 Rac8 (18... a6 $1 $11 {remains equal.} 19. Bc4 (19. Bxa6 Bxf3 20. gxf3 Qe5 $14) 19... Rfe8) 19. Rfd1 $16 Bxf3 (19... Be6 $16 {might work better.} 20. Be3 Rb8 21. bxc5 Ne5) 20. gxf3 $18 ({Don't take} 20. Qxf3 Ne5 $16) 20... Qe5 (20... Rce8 $142 21. Be3 (21. Rxd7 Qxd7 22. Qxe8 Qxe8 $16) 21... Re7 22. bxc5 Be5) 21. Be7 Rfe8 $2 {[#]} (21... c4 {was called for.} 22. Qxe5 Nxe5 23. Bxf8 Bxf8) 22. Qxe5 {White is clearly winning.} ({Less strong is} 22. Rxd7 Rxe7 23. Qxe5 Rxe5 $16) 22... Nxe5 23. Bxe8 Rxe8 24. Bxc5 Nxf3+ 25. Kg2 Nh4+ 26. Kf1 Bh6 27. Rc3 a6 28. Rcd3 Bg5 29. a4 {Accuracy: White = 48%, Black = 38%.} 1-0

[Event "7th Iberoamerican-ch 2019"]
[Site "Linares"]
[Date "2019.08.14"]
[Round "5.13"]
[White "Martinez Duany, Lelys Stanley"]
[Black "Gines Esteo, Pedro Antonio"]
[Result "0-1"]
[WhiteElo "2526"]
[BlackElo "2417"]
[Annotator "TA"]
[PlyCount "166"]
[EventDate "2019.08.10"]
[EventType "swiss"]
[EventCountry "ESP"]
[SourceTitle "playchess.com"]
[Source "ChessBase"]
[SourceQuality "1"]

{[%evp 13,166,27,44,54,76,14,23,14,18,10,15,9,14,13,10,13,11,19,23,0,0,0,0,0,7,1,50,50,50,37,45,49,72,44,73,34,37,42,82,64,333,334,299,293,292,292,294,294,294,294,282,238,271,258,259,268,268,263,296,287,262,184,163,193,184,151,120,28,28,37,52,8,15,2,8,0,8,8,11,0,0,-27,-29,-491,-470,-29960,-29960,-29952,-6427,-12832,-1571,-4645,-8,-5997,-4477,-29968,-29969,-29969,-29966,-29959,-29962,-1981,-202,-592,-202,-202,-202,-202,-202,-29981,-29982,-29982,-29983,-29983,-29984,-29969,-29972,-29969,-29973,-29971,-29975,-29974,-29974,-29979,-29979,-29978,-29980,-29982,-29981,-29981,-29979,-29980,-29981,-29981,-29982,-29982,-29983,-29983,-29984,-29984,-29985,-29985,-29986,-29988,-29989,-29991,-29992,-29992,-29993,-29994,-29993,-29993,-29994,-29994,-29995]} 1. e4 c6 2. d4 d5 3. e5 Bf5 4. Nf3 e6 5. Be2 c5 6. Be3 Qb6 7. Nc3 Nc6 8. O-O {B12: Caro-Kann: Advance Variation} Qxb2 9. Qe1 (9. Nb5 $16 {Threatens to win with Nc7+.} Rc8 10. dxc5) 9... cxd4 $11 10. Bxd4 {White has an edge.} Nxd4 ({Don't go for} 10... Qxc2 $2 11. Rc1 $18) ({Much weaker is} 10... Bxc2 $6 11. Nb5 $16) 11. Nxd4 {Rb1 is the strong threat.} Bb4 12. Rb1 Bxc3 13. Rxb2 Bxe1 14. Rxe1 b6 $1 15. h4 h5 {[#]} 16. Bb5+ $146 Kf8 17. Nxf5 exf5 18. Rd1 Ne7 19. c4 a6 20. Ba4 $36 {[%mdl 2048] White is pushing.} dxc4 {White must now prevent ...b5.} 21. Rxb6 Rh6 22. Rb7 f4 23. Rd4 (23. Rc1 {is more complex.} Re6 24. Rxc4 Ng6 25. Rcc7 Nxe5 26. Bb3) 23... Re6 24. Rxf4 (24. Ra7 {with more complications.} Rb8 25. Rxf4 Rxe5 26. Rxc4 Re1+ 27. Kh2) 24... Rxe5 25. Rxc4 g6 26. Bb3 Kg7 $2 {[%mdl 8192]} (26... Rd8 $14) 27. f4 $1 $18 {[%cal Rf4e5]} Re2 28. Kf1 $1 {[%cal Rf1e2]} Re3 {[#]} 29. Kf2 $1 {[%cal Rf2e3]} Nd5 30. Rd4 Rxb3 31. axb3 {[%mdl 4096] Endgame KRR-KRN} Nf6 32. Rc4 Ng4+ 33. Ke2 Re8+ 34. Kd2 Rd8+ {[#]} 35. Kc1 $1 Rd3 36. Rcc7 Nh6 37. Kb2 Rg3 38. Rc2 Nf5 39. Ka3 Rg4 40. Rb6 (40. Re2 $16) 40... Nxh4 $11 41. Rxa6 Nxg2 42. f5 {Strongly threatening f6+.} gxf5 43. Rc7 h4 {aiming for ...h3.} 44. Raa7 Kg6 45. Rxf7 Kg5 46. Ra5 Ne3 47. Rc5 h3 {Hoping for ...h2.} 48. Rh7 $2 {[%mdl 8192]} (48. Rg7+ $1 $11 {and White has nothing to worry.} Kh4 49. Rh7+ Kg3 50. b4) 48... Rh4 $19 49. Rcc7 (49. Rg7+ $19 Kf4 50. Rc1) 49... Rxh7 50. Rxh7 {KR-KN} Kg4 51. b4 f4 52. Rg7+ Kf3 $2 ({Better is} 52... Kh4 $19 53. b5 f3 54. Rh7+ Kg4) 53. Rh7 $2 {[%mdl 8192]} (53. b5 $11) 53... Kg3 54. b5 f3 55. Rg7+ Kf4 56. b6 Nc4+ {[%mdl 64] Double Attack} 57. Kb3 Na5+ $2 (57... Nxb6 58. Rf7+ Ke4) 58. Ka4 $2 (58. Kb4 {nothing else works.} h2 59. Rh7) 58... h2 $2 (58... Nc6 59. Rd7 f2) 59. Rh7 f2 60. Kxa5 {b7 would kill now. KR-KPP} Kg5 61. b7 $2 (61. Rxh2 $19 f1=Q 62. Ra2) 61... f1=Q {Black mates.} 62. Rxh2 {KQ-KR} Qa1+ 63. Kb4 Qd4+ 64. Kb3 Qb6+ 65. Ka2 Qa7+ 66. Kb2 Qxb7+ 67. Kc1 Kf4 68. Rc2 Ke3 69. Rc3+ Kd4 70. Kc2 Qh7+ 71. Kb2 Qg7 72. Kc2 Qg2+ 73. Kb3 Qf1 74. Kc2 Qe2+ 75. Kb3 Qd1+ 76. Kb2 Qd2+ 77. Rc2 Qb4+ 78. Ka1 Kd3 79. Rb2 Qa4+ 80. Kb1 Kc3 81. Rh2 Qb5+ 82. Ka2 Qa6+ 83. Kb1 Qb6+ 0-1